| 000 | 01223nas a2200313 4500 | ||
|---|---|---|---|
| 001 | BR8202349 | ||
| 003 | BR-BrBNA | ||
| 005 | 20231205085141.0 | ||
| 007 | ta | ||
| 008 | 230509b bl.|||p| |||| 00| 00por d | ||
| 040 |
_aBR-BrBNA _bpor _cBiblioteca Nacional de Agricultura |
||
| 041 | _a(Pt) | ||
| 072 | _aH10 | ||
| 100 | 1 | _aFerreira, L. | |
| 245 | 1 | _aManejo integrado de pragas do algodoeiro [Gossypium hirsutum, broca, Eutinobothrus brasiliensis, trips, trips tabbaci, Selenothrips rubrocinctus, Frankliniella sp., pulgao, Aphis gossypii, curuquere, Alabama argillacea, lagarta, Heliothis virescens, Pectinophora gossypiella, acaro branco, Polyphagotarsonemus latus, acaro rajado, Tetranychus urticae, acaro vermelho, Tetranychus ludeni] | |
| 650 | _aALGODAO | ||
| 650 | _aBROCA | ||
| 650 | _aTRIPS | ||
| 650 | _aPULGAO | ||
| 650 | _aCURUQUERE | ||
| 650 | _aLAGARTA | ||
| 650 | _aACARO BRANCO | ||
| 650 | _aACARO RAJADO | ||
| 650 | _aACARO VERMELHO | ||
| 650 | _aERRADICACAO | ||
| 773 | 0 |
_tInforme Agropecuario - Empresa de Pesquisa Agropecuaria de Minas Gerais (Brazil) _xISSN 0100-3364 _g(Aug 1982), v. 8(92) p. 61-70 _wBR8202349 |
|
| 909 |
_a202311 _bLúcia _c55 _dLúcia Elande |
||
| 942 |
_2AGRIS _n0 _cANA |
||
| 999 |
_c109548 _d109548 |
||